酷暑日を観測したことがある気象観測所 - Statistics

General Stats
  • This quiz has been taken 58 times
    7 since last reset
  • The average score is 81 of 108
Answer Stats
観測値 起日 都道府県 観測所 % Correct
41.8℃ 2025/08/05 群馬県 伊勢崎
100%
40.5℃ 2020/08/11 群馬県 伊勢崎
100%
40.3℃ 2022/07/01 群馬県 伊勢崎
100%
40.2℃ 2022/06/25 群馬県 伊勢崎
100%
40.1℃ 2025/08/02 群馬県 伊勢崎
100%
40.1℃ 2024/07/29 群馬県 伊勢崎
100%
40.0℃ 2022/06/29 群馬県 伊勢崎
100%
41.4℃ 2025/08/06 静岡県 静岡
100%
40.0℃ 2024/07/07 静岡県 静岡
100%
41.1℃ 2020/08/17 静岡県 浜松
100%
40.2℃ 2025/08/30 静岡県 浜松
100%
40.2℃ 2020/08/16 静岡県 浜松
100%
41.1℃ 2018/07/23 埼玉県 熊谷
100%
40.9℃ 2007/08/16 埼玉県 熊谷
100%
40.7℃ 2025/08/05 埼玉県 熊谷
100%
40.2℃ 2025/08/30 埼玉県 熊谷
100%
40.0℃ 2024/07/29 埼玉県 熊谷
100%
40.0℃ 2022/07/01 埼玉県 熊谷
100%
41.0℃ 2025/08/05 群馬県 前橋
100%
40.0℃ 2025/08/02 群馬県 前橋
100%
40.0℃ 2001/07/24 群馬県 前橋
100%
41.0℃ 2024/07/29 栃木県 佐野
100%
40.2℃ 2025/08/05 栃木県 佐野
100%
40.9℃ 2007/08/16 岐阜県 多治見
100%
40.8℃ 2007/08/17 岐阜県 多治見
100%
40.7℃ 2018/07/23 岐阜県 多治見
100%
40.7℃ 2018/07/18 岐阜県 多治見
100%
40.6℃ 2021/08/08 岐阜県 多治見
100%
40.4℃ 2018/08/06 岐阜県 多治見
100%
40.2℃ 2018/08/02 岐阜県 多治見
100%
40.0℃ 2022/07/01 岐阜県 多治見
100%
41.2℃ 2025/08/05 群馬県 桐生
83%
40.5℃ 2020/08/11 群馬県 桐生
83%
40.4℃ 2022/07/01 群馬県 桐生
83%
41.0℃ 2018/08/08 岐阜県 美濃
83%
40.6℃ 2018/07/18 岐阜県 美濃
83%
40.3℃ 2018/08/06 岐阜県 美濃
83%
40.3℃ 2018/08/03 岐阜県 美濃
83%
40.0℃ 2024/08/16 岐阜県 美濃
83%
40.0℃ 2007/08/16 岐阜県 美濃
83%
40.8℃ 1933/07/25 山形県 山形
83%
40.7℃ 2013/08/10 山梨県 甲府
83%
40.6℃ 2013/08/11 山梨県 甲府
83%
40.4℃ 2004/07/21 山梨県 甲府
83%
40.3℃ 2018/07/23 山梨県 甲府
83%
40.6℃ 2025/07/30 京都府 福知山
83%
40.3℃ 2025/08/05 東京都 八王子
83%
40.3℃ 2018/08/03 愛知県 名古屋
83%
40.0℃ 2025/08/31 愛知県 名古屋
83%
40.3℃ 2007/08/16 群馬県 館林
83%
40.2℃ 2025/08/05 群馬県 館林
83%
40.2℃ 2024/07/29 群馬県 館林
83%
40.2℃ 2007/08/15 群馬県 館林
83%
40.1℃ 2013/08/10 群馬県 館林
83%
41.0℃ 2018/08/03 岐阜県 金山
67%
40.5℃ 2018/08/08 岐阜県 金山
67%
41.0℃ 2013/08/12 高知県 江川崎
67%
40.7℃ 2013/08/10 高知県 江川崎
67%
40.4℃ 2013/08/11 高知県 江川崎
67%
40.0℃ 2013/08/13 高知県 江川崎
67%
40.9℃ 2020/08/16 静岡県 天竜
67%
40.6℃ 1994/08/04 静岡県 天竜
67%
40.2℃ 2024/07/29 静岡県 天竜
67%
40.8℃ 2018/08/23 新潟県 中条
67%
40.7℃ 2019/08/15 新潟県 中条
67%
40.0℃ 2020/09/03 新潟県 中条
67%
40.4℃ 2025/07/31 岡山県 高梁
67%
40.4℃ 2020/09/03 新潟県 三条
67%
40.4℃ 2018/08/23 新潟県 三条
67%
40.0℃ 2019/08/15 新潟県 三条
67%
40.4℃ 2007/08/16 埼玉県 越谷
67%
40.2℃ 1997/07/05 埼玉県 越谷
67%
40.3℃ 2025/08/04 石川県 小松
67%
40.0℃ 2023/08/10 石川県 小松
67%
40.3℃ 2019/08/14 新潟県 高田
67%
40.2℃ 2001/07/24 静岡県 佐久間
67%
40.2℃ 1927/07/22 愛媛県 宇和島
67%
40.1℃ 1978/08/03 山形県 酒田
67%
40.0℃ 2025/08/05 埼玉県 所沢
67%
40.0℃ 2025/08/05 東京都 府中
67%
40.0℃ 2025/08/05 埼玉県 秩父
67%
40.0℃ 2025/07/30 兵庫県 西脇
67%
41.4℃ 2025/08/05 埼玉県 鳩山
50%
40.3℃ 2025/08/30 埼玉県 鳩山
50%
40.2℃ 2020/08/11 埼玉県 鳩山
50%
40.1℃ 2022/07/01 埼玉県 鳩山
50%
41.2℃ 2025/07/30 兵庫県 柏原
50%
40.8℃ 2018/07/23 東京都 青梅
50%
40.4℃ 2025/08/05 東京都 青梅
50%
40.6℃ 2025/08/05 茨城県 古河
50%
40.0℃ 2024/07/29 茨城県 古河
50%
40.6℃ 2019/08/15 新潟県 寺泊
50%
40.5℃ 2025/08/30 三重県 桑名
50%
40.4℃ 2025/08/01 三重県 桑名
50%
40.4℃ 2024/08/09 三重県 桑名
50%
40.5℃ 2013/08/10 山梨県 勝沼
50%
40.2℃ 2022/07/01 山梨県 勝沼
50%
40.3℃ 2025/07/30 岡山県 久世
50%
40.3℃ 1994/08/05 愛知県 愛西
50%
40.2℃ 2004/07/20 千葉県 牛久
50%
40.0℃ 2025/08/02 広島県 加計
50%
40.0℃ 2018/08/23 新潟県 大潟
50%
40.6℃ 1994/08/08 和歌山県 かつらぎ
33%
40.5℃ 2025/08/05 群馬県 上里見
33%
40.3℃ 1998/07/04 群馬県 上里見
33%
40.4℃ 2019/08/15 山形県 鼠ケ関
33%
40.1℃ 2019/08/15 石川県 志賀
33%
40.0℃ 2023/08/05 福島県 梁川
33%
No matching quizzes found
Score Distribution
Percent of People with Each Score
Percentile by Number Answered
Your Score History
You have not taken this quiz since the last reset